L'archeologia urbana nel Fayyum di età ellenistica e romana /

محفوظ في:

المؤلف الرئيسي: Davoli, Paola (مؤلف)

التنسيق: كتاب

اللغة: French

منشور في: Napoli : G. Procaccini, 1998.

سلاسل: Monografie (Missione archeologica delle Università degli studi di Bologna e di Lecce nel Fayyum) ; 1.

الموضوعات:

الوسوم: إضافة وسم

لا توجد وسوم, كن أول من يضع وسما على هذه التسجيلة!

رقم الطلب: DT73 .F38 D38

LEADER 01024nam a22002657a 4500
003 OSt
005 20251209071550.0
008 251209t1998 it a g b 001 0 fre d
040 |c ARCE Library 
043 |a f-ua--- 
050 1 4 |a DT73 .F38  |b D38 
100 1 |a Davoli, Paola,  |e author  |9 28738 
245 1 2 |a L'archeologia urbana nel Fayyum di età ellenistica e romana /   |c Paola Davoli. 
264 1 |a Napoli :   |b G. Procaccini,   |c 1998. 
300 |a 382 pages :   |b illustrations ;   |c 30 cm. 
490 1 |a Monografie ;   |v 1. 
500 |a At head of title: Missione congiunta delle Università di Bologna e di Lecce in Egitto. 
504 |a Includes bibliographical references (pages 15-26) and index. 
650 0 |a Urban archaeology  |z Egypt  |z Fayyūm. 
650 0 |a Excavations (Archaeology)  |z Egypt  |z Fayyūm. 
651 0 |a Fayyūm (Egypt)  |x Antiquities. 
830 0 |a Monografie (Missione archeologica delle Università degli studi di Bologna e di Lecce nel Fayyum) ;   |v 1. 
901 |a reviewed 
942 |c BK  |2 lcc 
999 |c 27905  |d 27905